000 00901nam a2200241 i 4500
001 173033
003 ES-MaACL
005 20230906215118.0
008 091015s1994 pl d |||| | pol d
020 _a83-7115-001-6
080 _a811.162.1'374=133.1
080 _a(038)=133.1=162.1
100 1 _aKwiatkowski, Wladyslaw.
_9141458
245 1 0 _aNouveau dictionnaire français-polonais...
_b= Nowy slownik francuzko-polski... /
_cWladyslaw Kwiatkowski, Krzysztof Sobczynski.
246 1 1 _aNowy slownik francusko-polski
260 _aWarszawa :
_bSpotkania,
_c[1994?]
300 _a475 p. ;
_c17 cm.
594 _aPort. paralelas en francés y polaco.
650 4 _aLengua francesa-
_vDiccionarios-
_xPolaco.
_9141459
650 4 _aLengua polaca-
_vDiccionarios-
_xFrancés.
_9141460
740 0 _aSlownik dictionnaire.
852 4 _aES-MaACL
_jE-13031 . -
_zBiblioteca Jacinto Martínez Lacalle
999 _c173033
_d173033